000
00318nam a2200133Ia 4500
008
240624s9999 xx 000 0 und d
041
_a
eng
082
_a
823 GAU
100
_a
GAUTREAUX TIM
245
_a
SAME PLACE SAME THINGS
260
_c
1996
_a
New York
_b
Picador
300
_a
211 : p. : cm. ; 21
365
_c
_b
20
999
_c
11895
_d
11895